000 00461pam a2200181 a 4500
020 _a039395739X
040 _cDLC
082 0 0 _a808 W.WN 1993 A097 Or.
245 0 4 _aThe Norton sampler :
_bshort essays for composition /
250 _a4th ed.
260 _aNew York :
_bW.W. Norton,
_c1993.
300 _axxv, 427 p. ;
_c21 cm.
650 0 _aCollege readers.
650 0 _aEnglish language
650 0 _aEssays.
700 1 _aCooley, Thomas,
942 _cEK
999 _c14294
_d14294